|
|
|
|
| LEADER |
00967nam a22002417a 4500 |
| 001 |
AAL8730 |
| 003 |
BD-DhAAL |
| 005 |
20160719115643.0 |
| 008 |
160719m20112003e ||||| |||| 00| 0 eng d |
| 020 |
|
|
|a 9780751540895
|
| 040 |
|
|
|a BD-DhAAL
|c BD-DhAAL
|
| 082 |
|
|
|a 823/.8
|
| 100 |
|
|
|a Sparks, Nicholas
|9 20005
|
| 245 |
|
|
|a The guardian /
|c Nicholas Sparks
|
| 260 |
|
|
|a London :
|b Sphere
|c 2011
|
| 300 |
|
|
|a viii, 3434 p. ;
|c 22 cm.
|
| 541 |
|
|
|e 8730
|
| 650 |
|
|
|a Triangles (Interpersonal relations)
|x Fiction.
|9 20006
|
| 852 |
|
|
|a Savar Campus Library
|c General Shelf
|
| 942 |
|
|
|2 ddc
|c BK
|
| 999 |
|
|
|c 37685
|d 37685
|
| 952 |
|
|
|0 0
|1 0
|2 ddc
|4 0
|6 823_800000000000000_SPA
|7 0
|9 59343
|a SCL
|b SCL
|c GEN
|d 2016-07-19
|g 130.00
|l 10
|m 36
|o 823.8 SPA
|p 3020008730
|r 2022-04-17
|s 2022-04-17
|t 1
|w 2016-07-19
|y BK
|
| 952 |
|
|
|0 0
|1 0
|2 ddc
|4 0
|6 823_000000000000000__8_SPA
|7 0
|9 60404
|a SCL
|b SCL
|c GEN
|d 2017-04-19
|e Tajin Boi Ghar
|g 150.00
|l 9
|m 39
|o 823.8 SPA
|p 3020008975
|r 2024-01-27
|s 2024-01-21
|t 2
|w 2017-04-19
|y BK
|